Statistiques concernant Les philosophes

Cliquez ici pour prendre le quiz!

Statistiques générales

  • Ce quiz a été pris 121 fois
    (118 depuis la dernière actualisation)
  • Le résultat moyen est 2 sur 20

Statistiques - réponses

HintRéponse% Correct
Conscience d'avoir réalisé, concrétisé ses capacités propre et rare = joie. Valeur de créativitéSpinoza
61%
Plaisir d'organe: plaisir de soulagement, simple satisfaction des besoins.Freud
47%
- Nostalgique de l'état de nature, idéaliste de la vie simple et rude. Un "sentiment de pitié" traverse tout les comportements humain et animal.
- distingue passions naturells (survie) et culturelles/sociales (imagination et raison)
Rousseau, Discours sur l'origine et les fondements de l'inégalité parmi les hommes
12%
La vérité scientifique n'est pas la simple reproduction du réel tel qu'il est. La perception et le sentiment ou l'opinion peuvent coincer avec le réel mais elle ne produisent pas de vérité scientifique. La science et la philosophie doivent démontrer et apporter une compréhension des fait (-> concept)Bergson
11%
conciliation entre loi et liberté: la soumission à la loi que l'on s'est prescrite est libertée.Rousseau, Du contrat social
9%
- La seule cohérence logique du concept ne suffit pas à garantir l'existence réelle de la chose. Il faut compléter la démonstration par la vérification expérimentale (observation des fait revalorisation des sens)
- réflexion sur la liberté ou dieu = hypothétique (idée, conjecture.)
Kant, critique de la raison pure
6%
Nous ne sommes libres que parce que nous sommes soumis à des loisMontesquieu, L'esprit des lois
3%
cherchons par la pensée les fondements de la cité, ces fondements sont assurément nos besoinsPlaton, la république
3%
impératif catégorique "agit comme si la maxime de ton action devait être érigé par toi même en loi universelle de la nature"Kant, Fondement de la métaphysique des moeurs
1%
Expliquer et comprendre ce qu'est une chose c'est chercher ses caractéristiques essentielles (constantes et communes).Platon, Ménon
1%
-L'homme est naturellement inapte à la vie solitaire (opposés à la vision de rousseau). L'Homme est un animal politique.
- formée au début pour les besoins la société vise aussi le bien vivre. (ou vivre selon le bien, selon la justice)
Aristote, Les politiques
0%
- recherche les vérités sous forme d'explication (concept ou démonstration) valable universellement c'est à dire toujours et partout.Aristote, seconds analytique
0%
principe de non contradiction ou d'identité: on ne peut pas nier et affirmer un même attribut d'un même sujet en même temps et sous le même rapport.Aristote, traité de logique Organon
0%
Outils techniques (raison pragmatique) font les comme comme maître et possesseur de la natureDescarte, discours de la méthode
0%
Les fonctions biologiques qui commencent la vie peuvent être globalement considérées comme des mécanismes ou automatismes du "corps machine".
La vie est un système de réflexes dans lequel les tensions organiques et nerveuse produise mécaniquement des réactions musculaires aptes à réduire ces tensions
Descartes, traité de l'homme
0%
La répartition des tâches (division du travail sociale) constitue une interdépendance sociale et donc une solidarité organique.Dukheim, naissance d'une science sociale
0%
même nos perceptions de réalités concrètement présentes contiennent des éléments de représentation non réellement donné par les sens mais produit par l'imagination pure.Husserl, La théorie de l'intentionnalité
0%
- C'est une particularité de la raison qu'avec l'aide de l'imagination elle est capable de créer artificiellement une multitude de désir, qui non seulement s'écartent de l'instinct mais s'y oppose.
- conciliation entre loi et liberté: se fixer à soi-même sa propre conduite
Kant, Conjecture sur les débuts de l'histoire humaine
0%
Tout les phénomènes de l'univers physique doivent être considérés comme à la fois des causes et des effets successifs et calculables.Laplace, Essai philosophique sur les probabilités
0%
« Tous les hommes recherchent le bonheur, jusqu’à ceux qui vont se pendre » . Bohneur= idéal (inaccessible). Désespérer de ne jamais l'atteindre. Toujours torturé par quelque chose. (bonheur n’est qu’un horizon)Pascal, Pensées
0%

Distribution des résultats

Percentile par nombre de réponses

% des personnes avec chaque résultat

Votre développement - résultats

Vous n’avez pas pris ce quiz depuis la dernière actualisation